| 000 | 01084nam a22002777a 4500 | ||
|---|---|---|---|
| 001 | BD-DhSAU | ||
| 003 | BD-DhSAU | ||
| 005 | 20251022131402.0 | ||
| 008 | 150420b2005 bg ||||| m||| 00| 0 eng d | ||
| 040 | _aBD-DhSAU | ||
| 082 |
_222 _a631.53 _bT13 |
||
| 100 |
_aJAHAN, MD. TAHMIDUL _eRegistration No. # 16-07095 |
||
| 245 |
_aGenetic variability and character association of some advanced genotypes of brassica napus l. /
_bMS thesis |
||
| 260 |
_aSher-e-Bangla Agricultural University: _bDepartment of Genetics and Plant Breeding, _c2023. |
||
| 300 |
_aviii, 65p. ; _c30 cm. |
||
| 500 | _aMS thesis of Department of Genetics and Plant Breeding,, , Faculty of Agriculture , Sher-e-Bangla Agricultural University, Dhaka, Bangladesh | ||
| 504 | _aIncludes bibliographical reference. | ||
| 590 | _aNazmul | ||
| 650 | _agenetic variability | ||
| 651 | _acharacter association | ||
| 654 | _2brassica napus l. | ||
| 700 |
_aProf. Dr. Firoz Mahmud _eSuperviser |
||
| 700 |
_aProf. Dr. Mohammad Saiful Islam _eCo-superviser |
||
| 856 | _yNO | ||
| 942 |
_2ddc _cTHESIS |
||
| 999 |
_c18038 _d18037 |
||